Loading...
| Philosophy | 0 | 8 | 0 | 2 | 80 | 50 | 88.38 | 1 | 3 | 17.88 | 42.83 |
| Science - Chemistry | 0 | 6 | 0 | 1 | 60 | 62 | 81.83 | 0 | 1 | 15.66 | 31.47 |
| Mythology | 0 | 6 | 0 | 0 | 60 | 65 | 84.00 | 0 | 2 | 19.43 | 36.13 |
| Science - Physics | 0 | 6 | 1 | 2 | 55 | 40 | 77.00 | 1 | 4 | 19.28 | 40.73 |
| Fine Arts - Classical Music | 0 | 4 | 0 | 0 | 40 | 72 | 97.75 | 0 | 0 | 8.03 | 24.18 |
| Religion | 0 | 3 | 0 | 2 | 30 | 105 | 120.67 | 0 | 0 | 0.00 | 2.97 |
| Literature - World | 0 | 3 | 0 | 1 | 30 | 76 | 110.00 | 0 | 1 | 5.33 | 11.48 |
| Science - Other | 0 | 4 | 2 | 0 | 30 | 45 | 72.50 | 2 | 4 | 14.97 | 33.45 |
| Literature - European | 0 | 2 | 0 | 1 | 20 | 132 | 136.00 | 0 | 0 | 1.14 | 6.59 |
| Literature - British | 0 | 1 | 0 | 1 | 10 | 151 | 151.00 | 0 | 0 | 0.00 | 1.52 |
| Science - Biology | 0 | 1 | 0 | 0 | 10 | 62 | 62.00 | 0 | 1 | 4.15 | 6.29 |
| Social Science | 0 | 1 | 1 | 0 | 5 | 51 | 51.00 | 0 | 1 | 4.88 | 8.39 |